|
|
|
|
| LEADER |
00000nam0a2200000 4500 |
| 001 |
19885 |
| 005 |
20231101205320.0 |
| 035 |
|
|
|a (RuTPU)RU\TPU\book\20055
|
| 035 |
|
|
|a BOOK00020125
|
| 090 |
|
|
|a 19885
|
| 100 |
|
|
|a 20011209d1963 km y0rusy50 ca
|
| 101 |
0 |
|
|a rus
|
| 102 |
|
|
|a RU
|
| 105 |
|
|
|a y z 000zb
|
| 200 |
1 |
|
|a Гердер. 1744-1803
|f А. В. Гулыга
|
| 210 |
|
|
|a Москва
|c Соцэкгиз
|d 1963
|
| 215 |
|
|
|a 199 с.
|
| 225 |
1 |
|
|a Мыслители прошлого
|
| 600 |
|
1 |
|a Гердер
|b И. Г.
|c немецкий философ
|f 1744-1803
|g Иоганн Готфрид
|2 stltpush
|3 (RuTPU)RU\TPU\pers\10288
|9 2210
|
| 606 |
1 |
|
|a Гердер, Иоганн, 18-19 вв., нем. филос.
|2 stltpush
|3 (RuTPU)RU\TPU\subj\6322
|
| 610 |
1 |
|
|a философия
|
| 610 |
1 |
|
|a немецкая философия
|
| 610 |
1 |
|
|a 18 век
|
| 610 |
1 |
|
|a 19 век
|
| 610 |
1 |
|
|a история
|
| 686 |
|
|
|a Ю3(4Г)5-535
|v LBC/SL-A
|2 rubbk
|
| 700 |
|
1 |
|a Гулыга
|b А. В.
|g Арсений Владимирович
|
| 801 |
|
0 |
|a RU
|b 63413507
|c 20011209
|g PSBO
|
| 801 |
|
2 |
|a RU
|b 63413507
|c 20141114
|g PSBO
|
| 942 |
|
|
|c BK
|